Historia de una esquina

保存先:
書誌詳細
第一著者: García Serrano, Rafael
フォーマット: 図書
言語:Undetermined
出版事項: Madrid, España Editora Nacional 1964
主題:
タグ: タグ追加
タグなし, このレコードへの初めてのタグを付けませんか!

MARC

LEADER 00000nam a2200000Ia 4500
008 170316s9999 xx 000 0 und d
040 |a cru BVZT 
090 |a 862 G-17h 
100 |a García Serrano, Rafael 
245 |a Historia de una esquina 
260 |a Madrid, España 
260 |b Editora Nacional 
260 |c 1964 
300 |a 226 páginas 
650 |a LITERATURA ESPAÑOLA 
999 |c 9889  |d 9889 
942 |c 15 D  |h 862 G-17h  |2 z